| 000 | nam a22 a 4500 | ||
|---|---|---|---|
| 999 |
_c997 _d997 |
||
| 005 | 20170508103137.0 | ||
| 008 | 170508s2003 my ||||| |||| 00| 0 eng d | ||
| 020 | _a9678912368 | ||
| 040 | _aAKMAL | ||
| 082 | _a343.5950552 SAL | ||
| 090 |
_a343.5950552 _bSAL |
||
| 110 | 1 |
_aMalaysia _9400 |
|
| 240 |
_aAkta Cukai Jualan, 1972. _lEnglish |
||
| 245 |
_aTitle Sales Tax Act 1972 (Act 64) & Regulations : _b as at 15th February 2003) / _ccompiled by Legal Research Board |
||
| 260 |
_aPetaling Jaya : _bInternational Law Book Services, _c2003. |
||
| 300 |
_a131p. _c24cm |
||
| 650 | 1 | 0 |
_aSales tax _xLaw and legislation _zMalaysia _9621 |
| 710 | 2 |
_aLembaga Penyelidikan Undang-Undang _92096 |
|
| 942 |
_2ddc _cBOOK |
||
| 950 | _lAKMAL | ||